000 01520cam a2200385 a 4500
001 15664942
003 OSt
005 20251208104836.0
008 090318r20091999enk b 000 0 eng
010 _a 2009011649
020 _a9780830842209
_qpbk. : alk. paper
020 _a0830842209
_qpbk. : alk. paper
035 _a15664942
035 _a(OCoLC)233940168
040 _aDLC
_cDLC
_dYDX
_dBTCTA
_dBAKER
_dYDXCP
_dSGB
_dDLC
050 0 0 _aBS1515.53
_b.M68 2009
082 0 0 _a224/.107
_222
100 1 _aMotyer, J. A.
245 1 0 _aIsaiah :
_ban introduction and commentary /
_cJ. Alec Motyer.
260 _aNottingham, England :
_bInter-Varsity Press ;
_aDowners Grove, Ill. :
_bIVP Academic,
_c[2009]
300 _a461 p. ;
_c21 cm.
336 _atext
_btxt
_2rdacontent
337 _aunmediated
_bn
_2rdamedia
338 _avolume
_bnc
_2rdacarrier
490 1 _aTyndale Old Testament commentaries ;
_vv. 20
500 _aOriginally published: 1999.
504 _aIncludes bibliographical references.
630 0 0 _aBible.
_pIsaiah
_vCommentaries.
655 7 _aCommentaries.
_2lcgft
_0https://id.loc.gov/authorities/genreForms/gf2025026014
830 0 _aTyndale Old Testament commentaries ;
_vv.20.
906 _a7
_bcbc
_corignew
_d1
_eecip
_f20
_gy-gencatlg
942 _2lcc
_cBK
999 _c20955
_d20954